Anna Hazare's : (Record no. 138137)

MARC details
000 -LEADER
fixed length control field 00598nam a22001817a 4500
005 - DATE AND TIME OF LATEST TRANSACTION
control field 20170405111830.0
010 ## - LCCN (DPL NO)
LC control number ENG-117434
020 ## - INTERNATIONAL STANDARD BOOK NUMBER
International Standard Book Number 9788183875011
Terms of availability 450.00
035 ## - SYSTEM CONTROL NUMBER
System control number EN-100966
037 ## - SOURCE OF ACQUISITION
Source of stock number/acquisition DBAD/PUB
082 ## - DEWEY DECIMAL CLASSIFICATION NUMBER
Classification number 324.254
100 ## - MAIN ENTRY--PERSONAL NAME
Personal name Reddy G. Ramachandhra
245 ## - TITLE STATEMENT
Title Anna Hazare's :
Statement of responsibility, etc G.Ramachandhra raddy
Remainder of title Call for secomnd independence struggle/
260 ## - PUBLICATION, DISTRIBUTION, ETC. (IMPRINT)
Place of publication, distribution, etc New Delhi
Name of publisher, distributor, etc Serials publications
Date of publication, distribution, etc 2011
270 ## - ADDRESS
Address 4830/24, Prahlad street, ansari road darya ganj,
City New Delhi
Postal code 110002
300 ## - PHYSICAL DESCRIPTION
Extent xxiii,153p
Dimensions 22cm(pbk)
942 ## - ADDED ENTRY ELEMENTS (KOHA)
Source of classification or shelving scheme Dewey Decimal Classification
Item type English Books
Classification part 324.254
Call number prefix RED
Holdings
Withdrawn status Lost status Not for loan Collection code Home library Current library Date acquired Source of acquisition Cost, normal purchase price Full call number Barcode Copy number Cost, replacement price Koha item type
    Not For Loan Non-fiction D.B.Act.Division Bawana 08/03/2017 DBAD/ PUB 450.00 324.254 EN-100966 1 450.00 English Books

© Delhi Public Library
Hit Counter
free hit counter